000 00285nam a2200121Ia 4500
008 190722s9999 xx 000 0 und d
020 _a978-0-393-07005-7
100 _aRichard C Francis
245 0 _aEpi Genetics
260 _aNew York
_bNorton
_c2011
300 _a324
942 _cBK
999 _c1081
_d1081